Gregor Mendel’s Experiments on plant hybrids : A guide study

Zapisane w:
Opis bibliograficzny
1. autor: Mendel, Gregor
Format: Książka
Język:Undetermined
Wydane: New Brunswick, N.J. Rutgers University Press 1993
Hasła przedmiotowe:
Etykiety: Dodaj etykietę
Nie ma etykietki, Dołącz pierwszą etykiete!
Thư viện lưu trữ: Trung tâm Học liệu Trường Đại học Cần Thơ
LEADER 00694nam a2200193Ia 4500
001 CTU_168056
008 210402s9999 xx 000 0 und d
082 |a 581.158 
082 |b M537 
100 |a Mendel, Gregor 
245 0 |a Gregor Mendel’s Experiments on plant hybrids : 
245 2 |b A guide study 
245 0 |c Alain F. Corcos and Floyd V. Monaghan ; original drawings by Maria C. Weber 
260 |a New Brunswick, N.J. 
260 |b Rutgers University Press 
260 |c 1993 
650 |a Plant hybridization,Plant genetics,Lai tạo giống cây trồng,Di truyền học cây trồng 
910 |a Nguyên 
980 |a Trung tâm Học liệu Trường Đại học Cần Thơ